| 000 | 00450nam a22001817a 4500 | ||
|---|---|---|---|
| 003 | OSt | ||
| 005 | 20140310182047.0 | ||
| 008 | 130817t xxu||||| |||| 00| 0 eng d | ||
| 020 | _a0807046051 | ||
| 050 | _aB3332 .M379 1987 | ||
| 082 |
_aHS 306.46 _bM36 1987 |
||
| 245 |
_aThe Woman in the Body _cMartin, Emily |
||
| 260 |
_aBoston : _bBeacon Press, _c1987 |
||
| 300 |
_a276 p.; _b24 cm. |
||
| 541 | _j1 | ||
| 562 | _e1 | ||
| 942 |
_2lcc _cHS |
||
| 999 |
_c8893 _d8893 |
||